[Event "Vezerkepzo GM Mix 2021"]
[Site "Budapest HUN"]
[Date "2021.06.30"]
[Round "9.1"]
[White "Mendonca, Leon Luke"]
[Black "Mishra, Abhimanyu"]
[Result "0-1"]
[WhiteElo "2549"]
[BlackElo "2485"]
[Annotator "Watson"]
[PlyCount "110"]
[EventDate "2021.06.24"]
[EventType "swiss"]
[EventRounds "9"]
[EventCountry "HUN"]
[SourceTitle "CL 08.2021"]
[SourceDate "2021.08.01"]
[SourceVersion "1"]
[SourceVersionDate "2021.08.01"]
[SourceQuality "1"]
[WhiteTeam "India"]
[BlackTeam "United States"]
[WhiteTeamCountry "IND"]
[BlackTeamCountry "USA"]

{The wild game that broke the record wasn't Mishra's best, but illustrates
both his fearlessness and tenacity.} 1. d4 Nf6 2. c4 g6 3. Nc3 d5 4. Bf4 Bg7 5.
e3 O-O 6. Rc1 c5 7. dxc5 Be6 8. Nf3 Nc6 9. Be2 Qa5 {A position that goes back
to Boleslavsky in the 1940s.} 10. Ng5 (10. O-O dxc4 {is another branch.}) 10...
Nd8 $1 {Remarkable preparation. This is an original move in a well-known
position that forces White to think on his own.} (10... Rad8 11. Nxe6 fxe6 12.
Qa4 {is an old main line that is okay for Black but gives him almost no
winning chances.}) 11. Bg3 $5 {White spent a long time on this move, which
isn't particularly ambitious.} ({After the game, Mishra mentioned his
preparation} 11. Nxe6 Nxe6 12. cxd5 Nxf4 13. exf4 Qxc5 {with compensation.
Black's rooks can centralize and ...Ne8-d6 is a thematic idea.}) 11... dxc4 12.
Nxe6 Nxe6 13. Qa4 Qxc5 (13... Qxa4 14. Nxa4 Ne4 $11 {is also fine.}) 14. Bxc4
Qb6 {White has the bishop pair, but Black is activating his rooks a bit faster.
This move covers e6 and hits b2.} 15. Qb3 {Safe.} (15. O-O Qxb2 $5 (15... Rfc8
{is solid}) 16. Bxe6 fxe6 17. Be5 {is more interesting, when} Qb6 18. Rb1 Qc5
19. Bd4 {might follow.}) 15... Qxb3 16. Bxb3 (16. axb3 Rfc8 17. Ke2 a6 {
gives Black enough play.}) 16... Nc5 17. Ke2 (17. Bc2 {, covering d3, is
natural, but then} Nh5 $1 {has the idea} 18. O-O $2 (18. Bb1 Nxg3 19. hxg3 Rfc8
20. Ke2 {is roughly equal}) 18... Nxg3 19. hxg3 Bxc3 $1 20. bxc3 Rac8 {with a
clear advantage.}) 17... Nxb3 18. axb3 Rfd8 19. Rhd1 {Not a very promising
position for a must-win game! But Mishra has a considerable time advantage and
just plugs away.} Ne8 20. Rxd8 Rxd8 21. Rd1 (21. Ra1 a6 22. b4 {is
straightforward and arguably more practical..}) 21... Rxd1 22. Kxd1 Nf6 (22...
f5 $5 23. f3 Kf7) 23. Kc2 Nd7 {White's doubled b-pawns are a theoretical
weakness; they shouldn't really be a problem, but at least there's an
imbalance of sorts.} 24. b4 f5 {Bringing the king into the center.} 25. Nb5 $1
a6 26. Nc7 Kf7 27. b5 a5 $1 {Objectively no better than ...axb5, but it avoids
simplification.} 28. Nd5 Nc5 29. Bc7 a4 30. f3 Ke6 31. Nc3 $2 {White had very
little time here.} (31. Nb6 $1 {was the easiest way to cut Black's king off
from the center and target a4, perhaps with the idea Bg3-e1-b4.}) 31... Bxc3 $1
{A smart transformation, after which Black has most of the winning chances.}
32. Kxc3 Kd5 33. Bd8 e5 34. Be7 Nb3 (34... e4 $5 {was worth a try, intending ..
.Nd3 in most cases.}) 35. h3 $6 (35. Kb4 Nd2 36. Kxa4 Nc4 $1 {prevents Ka5-b6.
White would need to find} 37. Bg5 $1 Nxb2+ 38. Ka5 Nc4+ 39. Kb4 {, when he is
holding.}) 35... e4 $1 36. fxe4+ fxe4 $5 (36... Kxe4 $1 {improves. Black feared
} 37. Kb4 {, but} Nd2 38. Kxa4 (38. Bg5 $1) 38... Nc4 {is strong, cutting off
the threat of Ka5-b6. Then} 39. Bg5 Nxe3 40. Bxe3 Kxe3 41. Ka5 f4 42. Kb6 Kf2
43. Kxb7 Kxg2 44. b6 f3 45. Kc6 f2 46. b7 f1=Q 47. b8=Q Qc4+ 48. Kd7 Kxh3 {
is doubtless drawn with perfefct play, but could be torturous for White in
extreme time pressure.}) 37. Kb4 Nd2 38. Bf6 h5 $5 {A little crazy, but
wonderfully brave. This game is Black's last chance to secure the title, so he
takes a big risk. I wonder if he already had an inkling about the tactical
idea towards the end of the game.} ({Instead,} 38... Nc4 39. Bd4 {leaves Black
with no serious winning try, e.g.,} Nd2 40. Bc3 (40. Kxa4 Kc4) 40... Nf1 41.
Bd4) 39. Kxa4 $1 Kc4 40. Ka5 {Now the problem of Kb6 and winning the b-pawn is
extremely intimidating, and it's hard to imagine that White isn't winning.}
Nb3+ 41. Kb6 Nc5 42. Bd4 (42. Be7 Na4+ 43. Kxb7 Kxb5 44. b3 {is also strong.})
42... Nb3 43. Bf6 Kb4 44. Kxb7 $2 {With no time left, White doesn't realize
that interpolating} (44. h4 $1 {first would make it easier to defend all of
his kingside pawns after taking on b7. Black doesn't have anything to do.})
44... Kxb5 45. Kc7 {Suddenly there's no obvious winning path, e.g.,} (45. h4
Na1 $1 46. Bg5 Kc4) 45... Kc4 46. Kd6 Kd3 $2 (46... Na1 {is objectively better,
but only drawn.}) 47. Bg5 {Now Ke5-f6 is a huge threat.} Nd2 $1 {Setting one
final trap.} 48. Ke5 $4 {[#]} (48. b4 $1 {wins:} Kc4 (48... Nc4+ 49. Ke6 Nxe3
50. b5 Nc4 51. Kf6 e3 52. Bxe3 Kxe3 53. Kxg6 Kf2 54. Kxh5 Kxg2 55. Kg4 {
and the knight can't stop both pawns}) 49. Ke5 Kxb4 50. Kf6 Kc4 51. Kxg6 Kd3
52. Kxh5 Nc4 53. g4 Nxe3 54. Bd8) (48. Ke6 {will also do the trick}) 48... Nf3+
$3 {Now 38...h5 looks like a move of genius.} 49. gxf3 $4 {With seconds per
move, White grabs the knight.} (49. Kf4 $1 Nxg5 50. Kxg5 Kxe3 51. b4 {should
draw, although I'm sure Mishra would have kept trying after} Kf2 52. b5 e3 53.
b6 e2 54. b7 e1=Q 55. b8=Q) 49... exf3 50. Bh4 g5 $1 {I imagine that White
missed this.} 51. Bf2 (51. Be1 Ke2 52. Ke4 g4 $1 53. hxg4 hxg4 {and Black wins.
}) 51... Ke2 52. b4 (52. Bg1 Kf1) 52... Kxf2 53. b5 Kxe3 54. b6 f2 55. b7 f1=Q
({White resigns, in view of} 55... f1=Q 56. b8=Q Qf4+ $19 {What a crazy way to
beome the youngest GM ever!}) 0-1

[Event "Rilton Cup 20th"]
[Site "Stockholm"]
[Date "1990.??.??"]
[Round "7"]
[White "*Rozentalis, Eduardas"]
[Black "Weindl, Alfred"]
[Result "1/2-1/2"]
[WhiteElo "2565"]
[BlackElo "2380"]
[Annotator "Watson"]
[PlyCount "160"]
[EventDate "1990.12.??"]
[EventType "swiss"]
[EventRounds "9"]
[EventCountry "SWE"]
[SourceTitle "CL 08.2021"]
[SourceDate "2021.08.01"]
[SourceVersion "1"]
[SourceVersionDate "2021.08.01"]
[SourceQuality "1"]

1. d4 Nf6 2. Nf3 g6 3. Bg5 Bg7 4. Nbd2 O-O 5. e4 d6 6. Bd3 Nbd7 7. O-O e5 8. c3
Qe8 9. Re1 Kh8 10. a4 Ng8 11. a5 a6 12. Bc2 f6 13. Bh4 Ne7 14. Nc4 Bh6 15. Ba4
Qf7 16. Ne3 Nb8 17. Bb3 Qg7 18. Qe2 Nbc6 19. Qc4 Bxe3 20. Rxe3 g5 21. Bg3 f5
22. exf5 Nxf5 23. Ree1 g4 24. Nh4 Nxg3 25. hxg3 exd4 26. Bc2 Bd7 27. Rad1 Qf7
28. Qd3 Qxf2+ 29. Kh2 Qf7 30. Rh1 dxc3 31. Qxc3+ Qf6 32. Qd3 Qg7 33. Kg1 Ne5
34. Qc3 Rf6 35. Qxc7 Rc8 36. Qxb7 Rxc2 37. Rxd6 Rc1+ 38. Kh2 Rxh1+ 39. Kxh1
Rxd6 40. Qb8+ Qg8 41. Qxd6 Qe8 42. Qxa6 Qe6 43. Qa8+ Kg7 44. a6 Ng6 45. Nxg6
Kxg6 46. a7 Bc6 47. Qf8 Qd5 48. Qf2 Kg7 49. b4 Kg6 50. Kh2 Qh5+ 51. Kg1 Qf5 52.
Qd2 Qd5 53. Qf2 Qe4 54. Qd2 Kf7 55. b5 Bd5 56. b6 h5 57. Kh2 Ke8 58. Qb2 Kf7
59. Qd2 Bc6 60. Qa2+ Qd5 61. Qc2 Qe4 62. Qa2+ Ke7 63. Qd2 Qd5 64. Qf2 Kd7 65.
Qb2 Ba8 66. Qc2 Qc6 67. Qd3+ Ke7 68. Qd2 Qxb6 69. Qg5+ Qf6 70. Qc5+ Qd6 71.
Qg5+ Kf8 72. Qf5+ Kg7 73. Qxh5 Qh6 74. Qh4 Kg6 75. Kg1 {[#]} Qxh4 76. gxh4 g3
77. h5+ Kxh5 78. Kh1 Kg5 79. Kg1 Kf4 80. Kh1 Ke5 1/2-1/2

[Event "Rilton Cup 33rd"]
[Site "Stockholm"]
[Date "2004.01.05"]
[Round "9"]
[White "*Kortschnoj, Viktor Lvovich"]
[Black "Lukin, Andrei M"]
[Result "1-0"]
[WhiteElo "2580"]
[BlackElo "2431"]
[Annotator "Watson"]
[PlyCount "181"]
[EventDate "2003.12.27"]
[EventType "swiss"]
[EventRounds "9"]
[EventCountry "SWE"]
[SourceTitle "CL 08.2021"]
[SourceDate "2021.08.01"]
[SourceVersion "1"]
[SourceVersionDate "2021.08.01"]
[SourceQuality "1"]

1. d4 Nf6 2. c4 e6 3. g3 d5 4. Bg2 Be7 5. Nf3 O-O 6. O-O c5 7. cxd5 exd5 8. Be3
Na6 9. dxc5 Nxc5 10. Nc3 Be6 11. Bd4 Nfe4 12. Rc1 Rc8 13. Nd2 Nxc3 14. Rxc3 Qd7
15. Nf3 a6 16. Ne5 Qd6 17. Nd3 Ne4 18. Rb3 Rc4 19. Nf4 b5 20. Rd3 Qc6 21. Be3
Nf6 22. Nxd5 Nxd5 23. Bxd5 Bxd5 24. Rxd5 Rc2 25. Rd2 Rxd2 26. Qxd2 Rd8 27. Rc1
Qe6 28. Qa5 h5 29. a4 Rd5 30. axb5 Rxb5 31. Qd2 Bf6 32. b4 Rd5 33. Rc8+ Qxc8
34. Qxd5 Qg4 35. Qa8+ Kh7 36. Qxa6 Qxb4 37. Qd3+ g6 38. Kg2 Qc3 39. Qd7 Kg7 40.
Qb7 Qc4 41. Qf3 Qe6 42. h3 Qf5 43. Qa8 Qb5 44. Qe4 Qe5 45. Qb7 Qe6 46. Qa8 Qf5
47. Qa4 Qd5+ 48. Kg1 Qe5 49. Kg2 Qd5+ 50. Kh2 Qe5 51. h4 Qb2 52. Qa6 Qa1 53.
Qb7 Qe5 54. Qf3 Qc3 55. Kg2 Qe5 56. Bf4 Qd4 57. e3 Qd8 58. Qc6 Qe7 59. Qf3 Qe6
60. Bg5 Be5 61. Qb7 Qd6 62. Qe4 Qc7 63. Bf4 Bxf4 64. Qxf4 Qc6+ 65. e4 Kg8 66.
Qe5 Qc4 67. Qd5 Qe2 68. Qd4 Kh7 69. Qe5 Kg8 70. Qf4 Kg7 71. Qf3 Qc4 72. Qe3 Kg8
73. Kf3 Kg7 74. Qd2 Kg8 75. Ke3 Qb3+ 76. Qd3 Qb6+ 77. Qd4 Qc7 78. Kd3 Qc1 79.
e5 Qc6 80. Ke3 Qe6 81. Qd8+ {[#]} Kg7 (81... Kh7 $11) 82. Qf6+ Qxf6 83. exf6+
Kxf6 84. Kf4 Ke6 (84... Kg7 85. Ke5 f6+ 86. Ke6 f5 (86... g5 87. f4) 87. f4 Kg8
88. Kf6 Kh7 89. Kf7 Kh6 90. Kg8 g5 91. hxg5+ Kg6 92. Kf8) 85. Kg5 Ke7 (85...
Ke5 86. f3 Ke6 87. f4) 86. f3 (86. f4 $2 Ke6) 86... Kf8 (86... Ke6 87. f4 Ke7
88. f5 gxf5 89. Kxf5) 87. Kf6 Kg8 88. f4 Kf8 89. f5 gxf5 90. Kxf5 Kg7 91. Kg5
1-0

[Event "Montreal 8th"]
[Site "Montreal"]
[Date "2007.07.19"]
[Round "1"]
[White "*Harikrishna, Pentala"]
[Black "Sutovsky, Emil"]
[Result "1-0"]
[WhiteElo "2664"]
[BlackElo "2656"]
[Annotator "Watson"]
[PlyCount "79"]
[EventDate "2007.07.19"]
[EventType "tourn"]
[EventRounds "9"]
[EventCountry "CAN"]
[EventCategory "16"]
[SourceTitle "CL 08.2021"]
[SourceDate "2021.08.01"]
[SourceVersion "1"]
[SourceVersionDate "2021.08.01"]
[SourceQuality "1"]

1. d4 Nf6 2. c4 g6 3. Nc3 d5 4. cxd5 Nxd5 5. e4 Nxc3 6. bxc3 Bg7 7. Bc4 c5 8.
Ne2 Nc6 9. Be3 O-O 10. O-O Na5 11. Bd3 b6 12. Rc1 e5 13. dxc5 Be6 14. c4 bxc5
15. Bxc5 Bh6 16. f4 Re8 17. f5 Qc7 18. Bf2 Bxc4 19. Bxc4 Nxc4 20. Nc3 Nb2 21.
Nd5 Qxc1 22. Nf6+ Kg7 23. Nxe8+ Rxe8 24. f6+ Kg8 25. Qxc1 Bxc1 26. Rxc1 Nd3 27.
Rc3 Nxf2 28. Kxf2 h5 29. Rc6 {[#]} Re6 (29... Rd8 $11) (29... g5 $11 30. Ra6
Kh7 31. Rxa7 Kg6 32. Ra6 g4 $11) 30. Rxe6 fxe6 31. g4 $3 hxg4 32. Kg3 Kf7 33.
Kxg4 Kxf6 34. Kh4 $1 a5 35. a4 Ke7 (35... Kf7 36. Kg5 Kg7 37. h3 $1 Kf7 38. Kh6
Kf6 39. h4 $1 Kf7 40. Kh7 Kf6 41. Kg8 $18) 36. Kg5 Kf7 37. Kh6 Kf6 38. h4 Kf7
39. Kh7 Kf6 40. Kg8 1-0

[Event "Sea Harbor Blitz 2021"]
[Site "Anapa RUS"]
[Date "2021.06.13"]
[Round "4.4"]
[White "8.01 Goganov, A."]
[Black "Nesterov, Arseniy"]
[Result "1-0"]
[WhiteElo "2581"]
[BlackElo "2479"]
[Annotator "Hansen"]
[PlyCount "55"]
[EventDate "2021.06.13"]
[EventType "swiss"]
[EventRounds "13"]
[EventCountry "RUS"]
[SourceTitle "CL 08.2021"]
[SourceDate "2021.08.01"]
[SourceVersion "1"]
[SourceVersionDate "2021.08.01"]
[SourceQuality "1"]

{[%evp 0,55,28,16,16,6,9,6,9,-30,-32,5,47,12,27,3,2,10,17,22,22,-19,-19,9,16,8,
30,17,28,19,11,8,25,14,25,25,26,25,3,12,9,9,86,63,65,84,81,99,104,76,90,90,200,
200,407,446,446,446]} 1. d4 d5 2. c4 e6 3. Nf3 Nf6 4. g3 dxc4 5. Bg2 a6 6. O-O
Nc6 7. Bg5 Be7 8. e3 Rb8 9. Nfd2 e5 10. Bxf6 Bxf6 11. d5 Ne7 12. Nxc4 Nf5 13.
Nc3 Nd6 14. Qe2 O-O 15. Rac1 Bd7 16. Rfd1 Re8 17. b3 g6 18. Ne4 Nxe4 19. Bxe4
Bg7 20. d6 Bb5 21. Qf3 Bxc4 22. dxc7 Qxc7 23. Rxc4 Qe7 24. Rdc1 Red8 25. Bd5 h5
{[#]} 26. Rc7 $1 Rd7 ({This is the defense, Black had counted on when he
entered this line. The alternatives are not pretty, for instance,} 26... e4 27.
Bxf7+ Kh7 28. Qxh5+ gxh5 29. Rxe7) ({or} 26... Qf6 27. Qxf6 Bxf6 28. Bxf7+ {
, in both cases Black is completely lost.}) 27. Qxf7+ $1 {Exploiting the
overburdened black queen.} Qxf7 28. Rxd7 {and Black resigned.} 1-0

[Event "Gelfand Challenge 2021"]
[Site "chess24.com INT"]
[Date "2021.06.12"]
[Round "11.6"]
[White "8.02 Saduakassova, D."]
[Black "Yip, Carissa"]
[Result "1-0"]
[WhiteElo "2500"]
[BlackElo "2430"]
[Annotator "Hansen"]
[PlyCount "53"]
[EventDate "2021.06.10"]
[EventType "tourn (rapid)"]
[EventRounds "19"]
[EventCategory "11"]
[SourceTitle "CL 08.2021"]
[SourceDate "2021.08.01"]
[SourceVersion "1"]
[SourceVersionDate "2021.08.01"]
[SourceQuality "1"]

{[%evp 0,53,27,13,66,77,79,86,74,58,64,61,58,54,67,56,105,37,103,89,127,115,
102,103,81,76,219,198,247,110,110,137,320,232,239,238,238,238,254,312,296,301,
344,341,341,257,257,279,271,303,412,432,610,702,763,756]} 1. d4 g6 2. e4 Bg7 3.
Nc3 d6 4. Be3 c6 5. Qd2 Nd7 6. Nf3 b5 7. Bd3 Nb6 8. h4 h6 9. e5 b4 10. Ne4 Nd5
11. exd6 exd6 12. Bf4 Nxf4 13. Qxf4 Bf8 14. O-O Be6 15. Rfe1 Qd7 16. Nf6+ Nxf6
17. Qxf6 Rg8 {[#]} 18. d5 $1 ({White completely tears open Black's king
shelter. Another, more or less, equally strong option is} 18. Rxe6+ $5 fxe6 19.
Bxg6+ Rxg6 20. Qxg6+ Qf7 21. Qd3 {and White should win.}) 18... cxd5 19. Bb5 $1
({Or} 19. Rxe6+ fxe6 20. Bb5 {which transposes to the game.}) 19... Qxb5 20.
Rxe6+ $1 {The breakthrough.} fxe6 21. Qxe6+ Kd8 22. Qxg8 Kc7 23. Nd4 Qe8 24.
Qxd5 {White is easily winning.} Rb8 25. Ne6+ Kd7 26. Re1 Qc8 27. Nd4 {and
Black resigned.} 1-0

[Event "National Open"]
[Site "followchess.com"]
[Date "2021.06.18"]
[Round "4"]
[White "8.03 Krishnakumar, Sriram"]
[Black "Rozman, Levy"]
[Result "0-1"]
[WhiteElo "1981"]
[BlackElo "2343"]
[Annotator "Hansen"]
[PlyCount "70"]
[EventDate "2021.??.??"]
[SourceTitle "CL 08.2021"]
[SourceDate "2021.08.01"]
[SourceVersion "1"]
[SourceVersionDate "2021.08.01"]
[SourceQuality "1"]

{[%evp 0,70,19,28,71,65,73,58,45,24,30,27,73,22,27,28,16,9,2,-3,-4,-18,-3,2,0,
-28,-9,-21,1,3,13,-15,11,-2,-2,-5,3,4,14,4,0,-55,-67,-32,-43,-54,-8,-42,-31,
-26,-33,-33,-36,-76,-18,-2,-3,-60,-62,-637,-622,-617,-619,-1024,-1060,-1070,
-1095,-2121,-2150,-2150,-1306,-1357,-1390]} 1. e4 c6 2. d4 d5 3. exd5 cxd5 4.
c4 Nf6 5. Nc3 g6 6. cxd5 Nxd5 7. Bc4 Nb6 8. Bb3 Bg7 9. Nge2 Nc6 10. Be3 Na5 11.
d5 Nxb3 12. Qxb3 O-O 13. O-O Bg4 14. f3 Bf5 15. Rfd1 Rc8 16. Nd4 Nc4 17. Nxf5
gxf5 18. Bd4 Bxd4+ 19. Rxd4 Qc7 20. Rc1 Qe5 21. Rdd1 Ne3 22. Re1 Qd4 23. Ne2
Qd2 24. Kf2 Rxc1 25. Rxc1 f4 26. g3 Nxd5 27. Rd1 Qe3+ 28. Ke1 {[#]} fxg3 $3 {
A brilliant strike.} 29. Rxd5 $2 ({White's best was} 29. hxg3 {when} Qxb3 30.
axb3 e6 {leads to an endgame that Levy should win without problems.}) ({
If the queen captures, Black also wins} 29. Qxd5 g2 $1 {and the g-pawn queens.}
) 29... Qf2+ 30. Kd2 gxh2 $1 {A nasty passed pawn with can only be stopped by
exposing the white king to harrassment from Black's pieces.} 31. Rg5+ Kh8 32.
Rh5 {Stopping the pawn. Now The black rook joins the fun.} Rd8+ 33. Kc1 Qe1+
34. Kc2 Qd1+ (34... Qxe2+ {obviously also wins.}) 35. Kc3 Rd3+ {and White
resigned.} 0-1

[Event "National Open"]
[Site "followchess.com"]
[Date "2021.06.18"]
[Round "4"]
[White "8.04 Boekhoff, Andrew"]
[Black "Gledura, Benjamin"]
[Result "0-1"]
[WhiteElo "2278"]
[BlackElo "2633"]
[Annotator "Hansen"]
[PlyCount "70"]
[EventDate "2021.??.??"]
[SourceTitle "CL 08.2021"]
[SourceDate "2021.08.01"]
[SourceVersion "1"]
[SourceVersionDate "2021.08.01"]
[SourceQuality "1"]

{[%evp 0,70,28,39,21,25,10,19,7,-7,-1,-1,9,-30,-9,-9,-9,-31,12,-11,3,13,19,14,
29,29,10,26,49,39,42,31,40,-8,10,19,70,60,48,58,127,65,64,53,69,32,70,68,44,15,
39,3,0,0,0,26,49,-46,22,-18,-15,-1,0,-255,-231,-247,-263,-29993,-29994,-29995,
-29996,-29997,-29998]} 1. e4 e5 2. Nf3 Nc6 3. Bc4 Bc5 4. c3 Nf6 5. d3 d6 6. Bb3
h6 7. O-O a6 8. Re1 Ba7 9. Nbd2 g5 10. Nf1 g4 11. N3d2 h5 12. Nc4 h4 13. Be3
Bd7 14. Bxa7 Nxa7 15. Qe2 Qe7 16. Qe3 Nc6 17. d4 Rh5 18. d5 Nd8 19. a4 Nh7 20.
Bc2 Ng5 21. Ncd2 f6 22. a5 Qh7 23. Ba4 Ndf7 24. c4 g3 25. fxg3 hxg3 26. Qxg3
Nh3+ 27. Kh1 Nf4 28. Qe3 Bxa4 29. Rxa4 O-O-O 30. g3 Rh8 31. Nf3 {[#]} Ng5 $1 ({
The only way; Black wants to remove the white defender from f3 to make the
attack on the h-file extra dangerous. After} 31... Nh3 32. Re2 {White survives.
}) 32. Nh4 Ng6 $1 {Now the knight on h4 will be forcefully removed.,} 33. Nxg6
({A better chance of staying in the game was} 33. Re2 Nxh4 34. gxh4 Rxh4 {
although this too is winning for Black.}) 33... Rxh2+ {Now Black forces mate.}
34. Kg1 Rh1+ 35. Kf2 Qh2+ $1 {Nice conclusion to the game. White resigned as
he will be mated on the next move.} 0-1

[Event "National Open"]
[Site "followchess.com"]
[Date "2021.06.18"]
[Round "4"]
[White "8.05 Hakobyan, Aram"]
[Black "Chandra, Akshat"]
[Result "1-0"]
[WhiteElo "2598"]
[BlackElo "2536"]
[Annotator "Hansen"]
[PlyCount "59"]
[EventDate "2021.??.??"]
[SourceTitle "CL 08.2021"]
[SourceDate "2021.08.01"]
[SourceVersion "1"]
[SourceVersionDate "2021.08.01"]
[SourceQuality "1"]

{[%evp 0,59,25,21,28,-7,7,3,5,30,35,21,20,-10,-10,10,15,16,18,19,21,-17,-11,
-43,-43,-36,-34,-60,-37,2,2,16,0,-6,-9,-51,-7,-147,-15,-15,28,-17,28,-54,27,
-248,-37,-67,5,99,99,99,101,0,103,-95,183,183,647,647,29993,29994]} 1. d4 Nf6
2. c4 e6 3. Nc3 Bb4 4. e3 O-O 5. Bd3 d5 6. a3 Bxc3+ 7. bxc3 dxc4 8. Bxc4 c5 9.
Ne2 Qc7 10. Ba2 b6 11. O-O Ba6 12. Bb2 Nc6 13. Rc1 Na5 14. c4 cxd4 15. Qxd4
Rfd8 16. Qh4 Qe7 17. Ng3 Rd2 18. Bc3 Rxa2 19. Nh5 Nd5 20. Qg3 f6 21. cxd5 e5 {
[#]} 22. Bxe5 $1 {Opening the c-file for the rook on c1 which will makes its
entry into the game shortly.} fxe5 ({Or} 22... Bxf1 23. Rc7 {and it is game
over for Black.}) 23. d6 $1 {The queen has to keep the g7-pawn protected so it
has to cede the control of the 7th rank to White's rook on c1.} Qf8 24. Rc7 Kh8
25. Rxg7 {Note how Black's pieces are lined up on the a-file.} Nc6 26. Rc1 {
Bringing the other rook into the attack.} Rd8 27. h3 {Avoiding the
embarrassing 27.Rxc6 Ra1+ with mate.} Rxd6 28. Rxc6 Ra1+ 29. Kh2 Rxc6 30. Rg8+
{and Black resigned before he would get mated after 30...Qxg8 31.Qxe5+.} 1-0

[Event "Gelfand Challenge 2021"]
[Site "chess24.com INT"]
[Date "2021.06.10"]
[Round "1.9"]
[White "8.06 Shuvalova, Polina"]
[Black "Yoo, Christopher Woojin"]
[Result "0-1"]
[WhiteElo "2489"]
[BlackElo "2457"]
[Annotator "Hansen"]
[PlyCount "52"]
[EventDate "2021.06.10"]
[EventType "tourn (rapid)"]
[EventRounds "19"]
[EventCategory "11"]
[SourceTitle "CL 08.2021"]
[SourceDate "2021.08.01"]
[SourceVersion "1"]
[SourceVersionDate "2021.08.01"]
[SourceQuality "1"]

{[%evp 0,56,31,31,42,41,28,33,50,39,24,10,49,49,34,28,32,26,26,26,70,65,73,36,
52,33,35,-12,-5,-55,-43,-40,-39,-48,-12,-37,-38,-128,-119,-107,18,-44,-172,
-182,-145,-538,-577,-522,-629,-1395,-1420,-1650,-1502,-1565,-2103,-29987,
-29990,-29997,-29998]} 1. e4 e6 2. d4 d5 3. Nd2 Be7 4. Bd3 c5 5. dxc5 Nf6 6.
exd5 exd5 7. Ngf3 O-O 8. O-O Bxc5 9. Nb3 Be7 10. h3 Nc6 11. Re1 Re8 12. c3 Ne4
13. c4 Bb4 14. Rf1 dxc4 15. Bxc4 Qf6 16. a3 Bf8 17. Re1 Bf5 18. Nbd2 Rad8 19.
Qa4 {[#]} Nxf2 $1 {Black has other excellent moves but this direct shot is the
best.} 20. Kxf2 Bc5+ 21. Kf1 Rxe1+ ({In the game, Black continued less
accurately with} 21... Qd6 $2 22. Rxe8+ $2 (22. Ne4 $1 {was necessary when
White would have had survival chances}) 22... Rxe8 23. Qb5 a6 24. Qb3 Qg3 25.
Bxf7+ Kh8 26. Ne4 Rxe4 27. Be3 Rxe3 28. Qd5 Re1+ {and White resigned before
she would have gotten mated on the next move.}) 22. Kxe1 Qd6 $1 {Black is
slowly but surely targeting the white king which is without any ability to
defend himself.} 23. Nf1 {Stopping ...Qg3+ but opening the central files.} Re8+
24. Be2 Rxe2+ 25. Kxe2 Bd3+ 26. Ke1 Qe6+ {and it is soon over for White.} 0-1